000 01020nam a2200181Ia 4500
008 100921s9999 xx 000 0 und d
082 _b15868
_a294.563 थ 78
100 _aढेरे रा. चिं.
245 _aमहाराष्ट्राचा देव्हारा-संतांच्या दृष्टीतून दैवतांचे दर्शन.
260 _bविश्वकर्मा साहित्यालय,पुणे.
_c1978
300 _a140
_b---
365 _b10
520 _aधर्म-संत संहित्य.
630 _aमहाराष्ट्राचा देव्हारा-संतांच्या दृष्टीतून दैवतांचे दर्शन.
650 _aधर्म-संत संहित्य.
730 _aमहाराष्ट्राचा देव्हारा-संतांच्या दृष्टीतून दैवतांचे दर्शन.
942 _cBOOK
999 _c764981
_d764978